BMX / (Record no. 305511)
[ view plain ]
| 000 -LEADER | |
|---|---|
| fixed length control field | 00486nam a2200217Ia 4500 |
| 008 - FIXED-LENGTH DATA ELEMENTS--GENERAL INFORMATION | |
| fixed length control field | 170203s9999 xx 000 0 und d |
| 020 ## - INTERNATIONAL STANDARD BOOK NUMBER | |
| International Standard Book Number | 1844430936 |
| 050 ## - LIBRARY OF CONGRESS CALL NUMBER | |
| Classification number | 796.62 |
| 050 ## - LIBRARY OF CONGRESS CALL NUMBER | |
| Item number | .J62b 2003 |
| 100 ## - MAIN ENTRY--PERSONAL NAME | |
| Personal name | Job, Chris. |
| 245 ## - TITLE STATEMENT | |
| Title | BMX / |
| 245 ## - TITLE STATEMENT | |
| Statement of responsibility, etc | Chris Job. |
| 260 ## - PUBLICATION, DISTRIBUTION, ETC. (IMPRINT) | |
| Place of publication, distribution, etc | Great Britain : |
| 260 ## - PUBLICATION, DISTRIBUTION, ETC. (IMPRINT) | |
| Name of publisher, distributor, etc | Raintree, |
| 260 ## - PUBLICATION, DISTRIBUTION, ETC. (IMPRINT) | |
| Date of publication, distribution, etc | 2003 |
| 300 ## - PHYSICAL DESCRIPTION | |
| Extent | 32 pages : |
| 300 ## - PHYSICAL DESCRIPTION | |
| Other physical details | col. ill. ; |
| 300 ## - PHYSICAL DESCRIPTION | |
| Dimensions | 29 cm. |
| 440 ## - SERIES STATEMENT/ADDED ENTRY--TITLE | |
| Title | Extreme sports. |
| 500 ## - GENERAL NOTE | |
| General note | includes index. |
| Withdrawn status | Lost status | Damaged status | Home library | Current library | Shelving location | Date acquired | Total Checkouts | Full call number | Barcode | Date last seen | Price effective from | Koha item type |
|---|---|---|---|---|---|---|---|---|---|---|---|---|
| Stonyhurst Southville International School (Batangas) | Stonyhurst Southville International School (Batangas) | 02/03/2017 | 796.62 .J62b 2003 | US-0573 | 02/03/2017 | 02/03/2017 | Books |